Logic and contemporary rhetoric : (Record no. 3863)
[ view plain ]
| 000 -LEADER | |
|---|---|
| fixed length control field | 01016cam a2200205 a 4500 |
| 020 ## - INTERNATIONAL STANDARD BOOK NUMBER | |
| ISBN | 053453578X |
| 050 00 - CALL NUMBER | |
| Classification number | BC177 |
| Item number | .K34 2001 |
| 100 1# - AUTHOR | |
| Personal name | Kahane, Howard, |
| 245 10 - TITLE | |
| Title | Logic and contemporary rhetoric : |
| Remainder of title | the use of reason in everyday life / |
| Statement of responsibility, etc | Howard Kahane, Nancy Cavender. |
| 250 ## - EDITION | |
| Edition statement | 9th ed. |
| 260 ## - PUBLICATION INFORMATION | |
| Place of publication | Australia ; |
| -- | Belmont, CA : |
| Name of publisher | Wadsworth Thomson Learning, |
| Year of publication | [2001] |
| 300 ## - DESCRIPTION | |
| Number of Pages | xv, 393 p. : |
| Other physical details | ill. ; |
| Dimensions | 24 cm. |
| 505 ## - FORMATTED CONTENTS NOTE | |
| Table of Content | Good and bad reasoning<br/>More on deduction and induction<br/>Fallacious reasoning 1<br/>Fallacious reasoning 2<br/>Fallacious reasoning 3<br/>Psychological impediments to cogent reasoning: shooting ourselves in the foot<br/>language<br/>Evaluating extended arguments<br/>Writing cogent <br/>Advertising<br/>; selling the product<br/>Managing the news<br/>Textbooks<br/>Managing the news<br/>Textbooks: managing worldviews<br/>More on cogent reasoning <br/> |
| 650 #0 - SUBJECTS | |
| Topical Term | Reasoning. |
| 650 #0 - SUBJECTS | |
| Topical Term | Fallacies (Logic) |
| 650 #0 - SUBJECTS | |
| Topical Term | Judgment (Logic) |
| 650 #0 - SUBJECTS | |
| Topical Term | Mass media. |
| 700 1# - OTHER AUTHORS | |
| Personal name | Cavender, Nancy. |
| 942 ## - ADDED ENTRY ELEMENTS (KOHA) | |
| Koha item type | Books |
| Withdrawn status | Lost status | Collection code | Home library | Current library | Shelving location | Date acquired | Full call number | Accession Number | Koha item type |
|---|---|---|---|---|---|---|---|---|---|
| Reference | Methodist University Law Library | Methodist University Law Library | General Stacks | 01/11/2009 | BC177 .K34 2001 | 30404 | Books | ||
| Reference | Methodist University Library Main | Methodist University Library Main | General Stacks | 31/07/2018 | BC177 .K34 2001 | 30467 | Books | ||
| Methodist University Library Main | Methodist University Library Main | General Stacks | 31/07/2018 | BC177 .K34 2001 | 30365 | Books |